00385nam a22001337a 450000500170000001000130001703500130003003700360004308200100007910000240008924500620011326000530017530000230022820181114121659.0 aB-158683 aB-158683 bA. P. H. Publishing Corporation a370.9 aSingh, Yogesh Kumar aHistory of Indian education system/bycYogesh Kumar Singh aNew DelhibA. P. H. Publishing Corporationc2005 a279p. c22cm (hbk)